An amiable reception for the acrobat : poems /

Bibliographic Details
Main Author: Davis, Jon, 1952- (Author)
Format: Book
Language:English
Published: Boston : Grid Books, [2019]
Subjects:

MARC

Tag First Indicator Second Indicator Subfields
LEADER 00000cam a2200000Ii 4500
001 in00004163521
008 190909s2019 mau 000 p eng d
005 20250318214819.6
020 |a 9781946830050 
020 |a 1946830054 
035 |a (OCoLC)on1117631153 
035 |a (OCoLC)1117631153 
040 |a YDX  |b eng  |e rda  |c YDX  |d BDX  |d ZCU  |d OCLCF  |d UtOrBLW 
050 4 |a PS3554.A934912  |b A6 2019 
100 1 |a Davis, Jon,  |d 1952-  |e author.  |0 http://id.loc.gov/authorities/names/n86861030 
240 1 0 |a Poems.  |k Selections 
245 1 3 |a An amiable reception for the acrobat :  |b poems /  |c by Jon Davis. 
246 3 1 |a >>an amiable reception for the acrobat 
264 1 |a Boston :  |b Grid Books,  |c [2019] 
264 4 |c ©2019 
300 |a 85 pages ;  |c 23 cm 
336 |a text  |b txt  |2 rdacontent 
337 |a unmediated  |b n  |2 rdamedia 
338 |a volume  |b nc  |2 rdacarrier 
655 7 |a Poetry.  |2 fast  |0 (OCoLC)fst01423828 
655 7 |a Poetry.  |2 lcgft  |0 http://id.loc.gov/authorities/genreForms/gf2014026481 
852 8 |b pda,print  |z This title is available for the library to purchase for your use. Click the "Purchase It For Me" button to place a request. This item may take 5-10 business days to arrive. 
955 |a Print PDA title 
999 f f |s 6287fcfc-4d1b-4e3c-9c93-00f19714a452  |i 92ed54f6-5d97-361a-a11a-72c1f4f145f3  |t 0 
952 f f |a Texas A&M University  |b College Station  |c Sterling C. Evans Library  |d Purchase on Demand  |t 0  |e PS3554.A934912 A6 2019  |h Library of Congress classification 
998 f f |a PS3554.A934912 A6 2019  |t 0  |l Purchase on Demand